Türkiye'de üniversiteye giriş sistemi araştırması (Record no. 5980)

MARC details
000 -BAŞLIK
Sabit Uzunlukta Kontrol Alanı 00640na a2200217 4500
001 - KONTROL NUMARASI
Denetim Alanı 19578
003 - KONTROL NUMARASI IDENTIFIER
Denetim Alanı MIRAKIL
005 - SON İŞLEM TARİHİ VE ZAMANI
Denetim Alanı 20181213155052.0
008 - SABİT-BOY VERİ ELEMANLARI - GENEL BİLGİLER
Sabit Uzunlukta Kontrol Alanı 161219b tu 000 0
040 ## - KATALOGLAMA KAYNAK
Orijinal Kataloglama Ajansı Milas
Kataloglama Dili tur
Metne Dönüştürmek Ajansı TR-AnCHP
041 ## - DİL KODU
Metin / Ses Parça Veya Ayrı Başlığın Dil Kodu tur
082 ## - DEWEY ONLU SINIFLANDIRMA NUMARASI
Sınıflandırma Numarası 370.7309561
Ürün Numarası T96 2005
090 ## - SINIFLAMA NUMARASI
Sınıflama Numarası 370.7309561 T96 2005
245 ## - BAŞLIK TABLOSU
Başlık Türkiye'de üniversiteye giriş sistemi araştırması
Başlığın Kalan sonuç raporu
Sorumluluk Tablosu, Vb TED
260 ## - YAYIN, DAĞITIM, VB
Yayın, Dağıtım, Vb Yeri Ankara
Yayıncı, Dağıtıcı, Vs Adı TED
Yayın, Dağıtım, Vb Tarihi 2005
300 ## - FİZİKSEL TANIM
Kapsam 314 s.
Diğer Fiziksel Ayrıntıları tbl.
Boyutlar 30 sm.
650 ## - KONU KATMA GİRİŞ - TOPİKAL DÖNEM
Topikal Süreli Veya Coğrafi Ad Giriş Elemanı Üniversiteler
Genel Alt Bölümü Giriş sınavları
650 ## - KONU KATMA GİRİŞ - TOPİKAL DÖNEM
Topikal Süreli Veya Coğrafi Ad Giriş Elemanı Eğitim
Genel Alt Bölümü Yüksek öğretim
Kronolojik Alt Bölümü Araştırmalar
710 ## - KATMA GİRİŞ - KURUMSAL ADI
Giriş Elemanı Olarak Kurumsal Ad Veya Yargı Alanı Adı Türk Eğitim Vakfı
942 ## - EKLENDİ GİRİŞ ELEMANLARI (KOHA)
Sınıflandırma Veya Raf Düzeni Kaynak
Koha Öğesi Türü Books
999 ## - SİSTEM KONTROL NUMARALARI (KOHA)
Koha Biblionumber 5980
Koha Biblioitemnumber 5980
Holdings
Kalıcı Konum Mevcut Konum Edinme Tarihi Edinim Kaynak Toplam Check-Out'Lar Tam Çağrı Numarası Barkod Tarih Son Görülme İtibaren Geçerli Fiyatlar Koha Öğesi Türü Kopya Sayısı
CHP Kütüphanesi CHP Kütüphanesi 12/19/2016 Bağış   370.7309561 T96 2005 011630 12/19/2016 12/19/2016 Books  
CHP Kütüphanesi CHP Kütüphanesi 12/19/2016 Bağış   370.7309561 T96 2005 011635 12/19/2016 12/19/2016 Books k.2